| 000 | 00411nam a2200157 4500 | ||
|---|---|---|---|
| 005 | 20260213120930.0 | ||
| 008 | 260213b |||||||| |||| 00| 0 eng d | ||
| 041 | _aEnglish | ||
| 082 | _a610 INC SB0089 | ||
| 100 | _aINC | ||
| 245 | _aGuide Book foe Inplementation of NPCC Curriculum | ||
| 260 |
_aNew Delhi _bIndian Nursing Council _c2017 |
||
| 300 |
_a51p _bpb |
||
| 365 |
_arupaye _b100 _cINR |
||
| 942 | _cSB | ||
| 999 |
_c370440 _d370440 |
||